01229nam a2200241Ia 4500001000900000003001000009008004100019040002500060041001300085100001800098245006400116250001100180260005800191300002800249500018000277501011400457520018000571650002300751942000700774957000600781999004200787952015800829L140-948IT-CnALBA170116s9999||||xx |||||||||||||| ||und|| aIT-CnALBAcIT-CnALBA aITALIANO aAHRENS ENRICO 0aCORSO DI DIRITTO NATURALE O DELLA FILOSOFIA DEL A DIRITTO.  a4a ed. aMILANObLIBRERIA DI F. SANVITO c1857 [1° Ed.: n.d.] a562 p. (prefazione: 16) aTRADUTTORE DE CASTRO VINCENZO. FILOSOFIA DEL DIRITTO. INTRODUZIONE. ANILISI E SVILUPPO DEL PRINCIPIO DEL DIRITTO. DIRITTO INDIVIDUALE. DIRITTO SOCIALE DIRITTO DELLA FAMIGLIA.  aSocietà San Paolo EM - Piazza San Paolo, 14 - 12051 ALBA (CN) (non commercial uses only) ® Copyright 2017 aTRADUTTORE DE CASTRO VINCENZO. FILOSOFIA DEL DIRITTO. INTRODUZIONE. ANILISI E SVILUPPO DEL PRINCIPIO DEL DIRITTO. DIRITTO INDIVIDUALE. DIRITTO SOCIALE DIRITTO DELLA FAMIGLIA.  aSISTEMI FILOSOFICI cBK 71 a1040bSI g Copie: 1 c260177d260177 0010406L_14094871aALBAbALBAd2017-01-16l0oL140-948r2017-01-16 00:00:00w2017-01-16yBKz(data import: 16 gennaio 2017) - By Epidotti, Vaglietti.